| 000 | 00353nam a2200145Ia 4500 | ||
|---|---|---|---|
| 008 | 240624s9999 xx 000 0 und d | ||
| 041 | _aeng | ||
| 082 | _a338.5024658 PET | ||
| 100 | _aPETERSEN H CRAIG | ||
| 245 | _aMANAGERIAL ECONOMICS | ||
| 250 | _a(4th ed.) | ||
| 260 |
_c2004 _aNew Delhi _bPrentice-Hall of India |
||
| 300 | _axv, : 672 | ||
| 365 | _cRS | ||
| 999 |
_c347 _d347 |
||